Detalles MARC
| 000 -LIDER |
| fixed length control field |
01149nam a2200349 i 4500 |
| 001 - NÚMERO DE CONTROL |
| Identificador de número de control |
000017138 |
| 003 - IDENTIFICACDOR DE NÚMERO DE CONTROL |
| control field |
|
| 005 - DATE AND TIME OF LATEST TRANSACTION |
| control field |
20241010100515.0 |
| 006 - DATOS DE LONGITUD FIJA / CARACTERÍSTICAS ADICIONALES MATERIAL CHARACTERISTICS |
| fixed length control field |
a||||br|||| 00| 0 |
| 007 - CAMPOS FIJOS DE DESCRIPCIÓN FÍSICA |
| fixed length control field |
ta |
| 008 - ELEMENTOS DE LONGITUD FIJA |
| fixed length control field |
1003182012 dr a 000 f spa d |
| 020 ## - ISBN |
| International Standard Book Number |
9789945883114 |
| 040 ## - FUENTE DE CATALOGACIÓN |
| Agencia que crea de manera original el registro |
DO-SdBNP |
| Idioma de catalogación |
spa |
| Agencia que realiza la transcripción |
BPMSU |
| Convenciones de la despripción |
rda |
| 082 #4 - NÚMERO DE CLASIFICACIÓN DECIMAL DE DEWEY |
| Classification number |
RD863.5 |
| Item number |
R282p 2012 |
| Edition number |
22 |
| 100 1# - ASIENTO PRINCIPAL -- NOMBRE PERSONAL |
| Nombre personal |
Read Escobal, Virginia, |
| Fechas asociadas con el nombre |
1963- |
| 100 z# - ASIENTO PRINCIPAL -- NOMBRE PERSONAL |
| Nombre personal |
Escobal, Virginia Read, |
| Fechas asociadas con el nombre |
1963- |
| 245 13 - MENCIÓN DE TITULO |
| Título |
El pacto de Guani / |
| Mención de responsabilidad |
Virginia Read Escobal; ilustraciones de Henry Cid. |
| 264 #4 - PRODUCTION, PUBLICATION, DISTRIBUTION, MANUFACTURE, AND COPYRIGHT NOTICE |
| Place of production, publication, distribution, manufacture |
Santo Domingo : |
| Name of producer, publisher, distributor, manufacturer |
Alfaguara, |
| Date of production, publication, distribution, manufacture, or copyright notice |
2012 |
| 300 ## - DESCRIPCIÓN FÍSICA |
| Extensión |
118 páginas : |
| Otros detalles físicos |
Ilustraciones ; |
| Dimensiones |
20 cm. |
| 336 ## - CONTENT TYPE |
| Source |
rdacontent |
| Content type term |
texto |
| Content type code |
txt |
| 337 ## - MEDIA TYPE |
| Source |
rdamedia |
| Media type term |
sin medición |
| Media type code |
n |
| 338 ## - CARRIER TYPE |
| Source |
rdacarrier |
| Carrier type term |
volumen |
| Carrier type code |
nc |
| 490 0# - MENCIÓN DE SERIES |
| Mención de serie |
Afaguara Juvenil ; |
| Volume/sequential designation |
12 |
| 500 ## - NOTA GENERAL |
| Nota general |
Incluye datos biográficos del autor en la página 117 - 118. |
| 500 ## - NOTA GENERAL |
| Nota general |
Incluye glosario de términos página 113. |
| 590 ## - NOTA LOCAL |
| Texto de la nota local |
Inventariado 2024/ VM |
| 650 #4 - ENCABEZAMIENTO DE MATERIA--TEMÁTICO |
| Término temático o nombre geográfico como elemento de entrada |
Novela juvenil dominicana |
| 650 #4 - ENCABEZAMIENTO DE MATERIA--TEMÁTICO |
| Término temático o nombre geográfico como elemento de entrada |
Literatura juvenil dominicana |
| 700 1# - ASIENTO SECUNDARIO -- NOMBRE PERSONAL |
| Nombre personal |
Cid, Henry, |
| Mención de responsabilidad |
ilustrador |
| 910 ## - VALIDACIÓN |
| Validación |
VMateo V. Control de calidad. BPMSU |
| 942 ## - ADDED ENTRY ELEMENTS (KOHA) |
| Source of classification or shelving scheme |
Dewey Decimal Classification |
| Koha item type |
Mapas |